Quale film ha vinto l'oscar? (2006-2025) - Statistics

Statistiche generali
  • Questo quiz è stato fatto 82 volte
  • Il punteggio medio è 12 su 20
Statistiche sulle risposte
Domanda Risposta % Corretto
Miglior film 2024 Oppenheimer
92%
Miglior film 2023 Everything Everywhere All at Once
82%
Miglior film 2025 Anora
79%
Miglior film 2018 La forma dell'acqua - The Shape of Water
79%
Miglior film 2020 Parasite
79%
Miglior film 2014 12 anni schiavo
71%
Miglior film 2021 Nomadland
65%
Miglior film 2019 Green Book
62%
Miglior film 2009 The Millionaire
61%
Miglior film 2015 Birdman - o L'imprevedibile virtù dell'ignoranza
58%
Miglior film 2022 CODA - I segni del cuore
56%
Miglior film 2013 Argo
55%
Miglior film 2011 Il discorso del re
52%
Miglior film 2016 Il caso Spotlight
50%
Miglior film 2008 Non è un paese per vecchi
50%
Miglior film 2012 The Artist
50%
Miglior film 2017 Moonlight
47%
Miglior film 2007 The Departed - Il bene e il male
44%
Miglior film 2006 Crash - Contatto fisico
39%
Miglior film 2010 The Hurt Locker
38%
Nessun quiz corrispondente trovato
Distribuzione punteggi
Percentuale di utenti per punteggio
Percentile per numero di risposta
I tuoi punteggi nel tempo
Non hai fatto questo quiz